|
|
|
|
| LEADER |
00000nam a22000007a 4500 |
| 005 |
20160216142524.0 |
| 007 |
cr|z|| ||u| |
| 008 |
160216s2012 bl ||||| |||| 00||0 por d |
| 020 |
|
|
|a 978-85-89919-93-7
|
| 035 |
|
|
|a 13078
|
| 040 |
|
|
|a vLex
|
| 090 |
|
|
|c 5888
|d 5888
|
| 100 |
1 |
|
|a Carnelutti, Francesco
|
| 245 |
|
|
|a Metodologia do direito
|h [Recurso electrn̤ico] /
|c Francesco Carnelutti
|
| 256 |
|
|
|a Servicio en ln̕ea
|
| 260 |
|
|
|a Brasil
|b Pillares
|c 2012
|
| 300 |
|
|
|a 1 recurso electrn̤ico
|
| 500 |
|
|
|a Traduȯ̂ de Wilson do Prado. Indicamos aos alunos das cin̊cias sociais, obrigatr̤io aos estudiosos das cin̊cias jurd̕icas e leitura informativa q̉ueles que estudam o mťodo cientf̕ico, visando, de algum modo, testar as hipt̤eses formuladas nos projetos de pesquisas.
|
| 506 |
1 |
|
|a Contenido solo disponible en los productos indicados
|d vLex Global
|d vLex Global (Academic Edition, excluding Law Schools)
|d vLex Global (U.S. Academic Edition, Law Schools)
|d vLex Global (U.S. Academic Edition, excluding Law Schools)
|d vLex Global (Academic Edition, Law Schools)
|
| 650 |
0 |
4 |
|a Derecho
|z Brasil
|
| 740 |
0 |
|
|a vLex libros (servicio en ln̕ea)
|
| 856 |
4 |
0 |
|u http://vlex.com/source/metodologia-do-direito-13078
|z Acceso restringido
|
| 942 |
0 |
|
|c BOOK
|
| 999 |
0 |
|
|a Law
|